Online Catalogue and eLibrary

Gruhasta prachandathwaya (Record no. 5257)

MARC details
000 -LEADER
fixed length control field 00399nam a2200157Ia 4500
005 - DATE AND TIME OF LATEST TRANSACTION
control field 20250626033726.0
008 - FIXED-LENGTH DATA ELEMENTS--GENERAL INFORMATION
fixed length control field 240331s9999 xx 000 0 und d
020 ## - INTERNATIONAL STANDARD BOOK NUMBER
ISBN 9789555026109
082 ## - DDC Classification
Item Number - Author Mark EDI
Class No. 362
100 ## - MAIN ENTRY--PERSONAL NAME
Personal name Edirisinghe,E.A.A
245 #0 - TITLE STATEMENT
Title Gruhasta prachandathwaya
260 ## - PUBLICATION, DISTRIBUTION, ETC.
Place of publication, distribution, etc. Nivitigala
Name of publisher, distributor, etc. E.A. Anusha Edirisinghe
Date of publication, distribution, etc. 2007
300 ## - PHYSICAL DESCRIPTION
Extent (e.g. Volumes, Pages etc.) 96 p .,
650 ## - SUBJECT ADDED ENTRY--TOPICAL TERM
Topical term or geographic name entry element Domestic Violence
942 ## - Koha item type (Biblio)
Koha item type Books in Stacks (Lending)
Holdings
Lost status Damaged status Collection code Home library Current library Shelving location Date acquired Full call number Accession Number Item type
    Lending WERC Library WERC Library Social Science Cupboard 03/31/2024 362.8 EDI 6346 Books in Stacks (Lending)

© WERC Library